[Event "Berlin East DSV"]
[Site "Berlin East"]
[Date "1982.10.09"]
[Round "1"]
[White "Casper, Thomas"]
[Black "Uhlmann, Wolfgang"]
[Result "1-0"]
[WhiteElo "2350"]
[BlackElo "2515"]
[Annotator "Gagarin,V"]
[PlyCount "99"]
[EventDate "1982.10.09"]
[EventType "tourn"]
[EventRounds "13"]
[EventCountry "DDR"]
[EventCategory "9"]
[SourceTitle "MCL"]
[Source "ChessBase"]
[SourceDate "1999.07.01"]
[SourceVersion "1"]
[SourceVersionDate "1999.07.01"]
[SourceQuality "1"]

1. e4 e6 2. d4 d5 3. e5 c5 4. c3 Nc6 5. Nf3 Qb6 6. a3 c4 7. Nbd2 (7. g3 $5)
7... f6 $6 (7... Bd7) 8. Be2 (8. exf6 $6 Nxf6 9. b3 (9. g3 $10 {/\ Bg2 Uhlmann}
) 9... cxb3 10. Rb1 Bd6 11. Bd3 (11. Nxb3 Qc7 12. c4 O-O 13. c5 Bf4 14. Bd2 e5
$36) 11... O-O 12. O-O e5 $36) (8. g3 $5 fxe5 9. Nxe5 Nxe5 10. dxe5 Bc5 (10...
Qc7 11. Nf3 Bc5 12. Bg2 Ne7 13. O-O O-O 14. Qe2 $14) 11. Qh5+ g6 12. Qe2 Ne7
13. Bg2 Bd7 14. O-O O-O-O 15. Nf3 $14 {Honfi,K-Uhlmann,W/Solingen/1974/1:0 (39)
/}) (8. b3 $6 fxe5 9. bxc4 e4 10. Nh4 Nf6 11. g3 Be7 12. Rb1 Qc7 13. Be2 O-O
14. O-O Na5 $1 $15 {Enders,P-Uhlmann,W/DDR-ch/1978/0:1/52)/}) 8... Qc7 (8...
Bd7 9. O-O O-O-O 10. b3 cxb3 11. Nxb3 Qc7 (11... Nge7 12. Rb1 Ng6 13. c4 dxc4
14. Bxc4 $16) 12. Rb1 Be8 13. Bf4 h6 14. c4 g5 15. Bd2 Bg6 16. cxd5 Rxd5 17.
Bc4 Bxb1 18. Bxd5 exd5 19. Qxb1 $16 {Sveshnikov,E-Meshkov,Y/Podolsk/1990/1:0 /
35/}) (8... fxe5 9. Nxe5 Nf6 $5 (9... Nxe5 10. dxe5 Qc7 (10... Nh6 11. Nxc4 $1
dxc4 12. Bxh6 Bd7 $8 13. Bg5 Qxb2 14. O-O Qxc3 15. Bh5+ g6 16. Qb1 $3 $16 {
Paehtz,T-Uhlmann,W/Erfurt/1985/1:0/41/}) (10... Bc5 $5 11. O-O Nh6 {Paehtz})
11. Nf3 $5 (11. O-O $5 {- 8...Qc7})) 10. f4 $1 (10. O-O Bd6 11. Ndf3 O-O 12.
Qc2 Qc7 13. Bf4 Nh5 14. Nxc6 Nxf4 15. Nce5 Bd7 16. Rfe1 Rf5 17. Bf1 Ng6 $15 {
Teske,H-Uhlmann,W/DDR-ch/1986/0:1/46/}) 10... Bd6 11. Bh5+ $1 (11. Ndf3 $14 {
/\ 0-0,Qc2,Kh1,Be3 Sveshnikov}) 11... g6 12. Bf3 O-O 13. Qe2 Qc7 14. g3 Bd7 15.
Nxd7 $1 $16 {Paehtz,T-Uhlmann,W/DDR-ch/1986/1:0/97/}) 9. O-O fxe5 10. Nxe5 Nxe5
11. dxe5 Ne7 (11... Qxe5 12. Re1 Qd6 13. b3 cxb3 14. c4 Nf6 15. Qxb3 Be7 16.
cxd5 exd5 17. Bb5+ $16 {Casper,T-Knaak,R/DDR-ch/1981/}) 12. b3 cxb3 13. c4 $1
Qxe5 14. Rb1 Ng6 (14... Bd7 15. Bb2 $16 {/\ Bh5 Sveshnikov}) 15. cxd5 Qxd5 16.
Bc4 Qd6 17. Qxb3 Be7 18. Bb5+ $16 Bd7 (18... Kf7 19. Re1 a6 20. Ne4 Qd8 21. Bc4
$16) 19. Ne4 Qd5 20. Bxd7+ Qxd7 21. Rd1 Qc6 22. Qxb7 Qxb7 23. Rxb7 O-O 24. Bg5
$1 Bxg5 (24... Bxa3 $4 25. Rdd7 $18) 25. Nxg5 Rfb8 (25... h6 $2 26. Rdd7 $18)
26. Rdd7 Rxb7 27. Rxb7 Nf8 (27... h6 $2 28. Nxe6 Re8 $2 29. Rxg7+ $18) (27...
e5 $2 28. Ne6 $18) 28. g3 h6 (28... e5 29. Nf7 Ng6 30. h4 h5 (30... Rf8 31. Ng5
Ra8 32. Ne6 $18) 31. Ng5 Nf8 32. Re7 Ng6 33. Re6 $18) 29. Nf3 a5 (29... Ng6 30.
Nd4 (30. h4 Rf8 $1 31. Nd4 Rf7 32. Rb8+ Rf8 $16) 30... Nf8 31. Nc6 a5 32. a4
$18) 30. Ne5 (30. a4 $5) 30... a4 31. f4 g5 $2 (31... Nh7 32. Re7 Nf8 33. Kf2
Kh8 34. g4 Kg8 (34... Rb8 35. Ra7 Rb2+ 36. Kg3 Rb3+ 37. Kh4 Rxa3 38. Ra8 $18)
35. h4 Kh8 (35... Rb8 36. Ra7 Rb2+ 37. Kf3 Rb3+ 38. Ke4 Rxa3 39. Ra8 $18) 36.
h5 Kg8 37. Kg3 Kh8 38. Kh4 Kg8 39. g5 hxg5+ 40. fxg5 Kh8 41. h6 gxh6 42. g6 Kg8
43. Kh5 $18) (31... Kh7 $1 $16 {/\ Ng6}) 32. Ng4 $1 $18 gxf4 33. Nf6+ $1 (33.
Nxh6+ $2 Kh8 34. gxf4 Ng6 $132) 33... Kh8 34. gxf4 Rc8 35. Rf7 $1 Rd8 (35...
Rc3 36. Kf2 Rxa3 37. Rxf8+ Kg7 38. Nd7 Rd3 39. Rf7+ $1 $18) 36. Kf2 Rd3 37. Ke2
Rxa3 (37... Rd8 38. Kf3 Rd3+ 39. Kg4 Rd8 (39... Rxa3 40. Rxf8+ Kg7 41. Nd7 Rd3
42. Rf7+ $1 $18) 40. Kh5 Rd2 41. h4 Rd8 42. Kxh6 $18) 38. Rxf8+ Kg7 39. Nd7
Ra2+ 40. Ke3 Rxh2 41. Ra8 a3 42. Ne5 a2 43. Ra7+ $1 Kf8 44. Nf3 Rb2 45. Nd4 Ke8
46. Nxe6 h5 47. f5 Rb7 (47... h4 48. f6 Rb7 49. Rxb7 $18) 48. Rxa2 Ke7 49. Nd4
Kf6 50. Kf4 1-0

[Event "Vlissingen HZ op 02nd"]
[Site "Vlissingen"]
[Date "1998.07.14"]
[Round "4"]
[White "Jonkman, Harmen"]
[Black "Glek, Igor Vladimirovich"]
[Result "0-1"]
[WhiteElo "2310"]
[BlackElo "2580"]
[Annotator "Glek,I"]
[PlyCount "76"]
[EventDate "1998.07.??"]
[EventType "swiss"]
[EventRounds "7"]
[EventCountry "NED"]
[SourceTitle "CBM 066"]
[Source "ChessBase"]
[SourceDate "1998.09.30"]
[SourceVersion "1"]
[SourceVersionDate "1998.09.30"]
[SourceQuality "1"]

1. e4 e6 2. d4 d5 3. e5 c5 4. c3 Nc6 5. Nf3 Nge7 6. Bd3 cxd4 7. cxd4 Nf5 8. Be3
Be7 9. Nc3 Nxe3 10. fxe3 O-O 11. O-O Bd7 12. a3 (12. e4 Nb4 $1 $11) 12... f5 $1
13. exf6 Bxf6 14. Qc2 (14. Rc1 Rc8 15. Rc2 Qe7 16. Qb1 g6 $11 {Keitlinghaus
2500-Glek 2565, Budapest 1998}) 14... h6 15. Rad1 Rc8 16. Qe2 Be8 17. Bb1 Rc7
$1 18. e4 Bh5 19. e5 Bg5 20. Qd3 g6 21. Nxg5 (21. h3 Bxf3 22. Rxf3 (22. Qxg6+
Rg7 23. Qxe6+ Kh8 24. Rxf3 Rxf3 25. gxf3 Be3+ 26. Kh1 Nxd4 27. Rxd4 (27. Qf6
Qe8 $1 28. Rxd4 Bxd4 29. Qxh6+ Kg8 30. f4 $11) 27... Bxd4 28. Qxh6+ Kg8 29. Bf5
Qg5 $13) 22... Rxf3 23. Qxf3 Rf7 24. Qd3 Ne7 $11) 21... Qxg5 22. Rxf8+ Kxf8 23.
Rf1+ Rf7 24. h3 Rxf1+ 25. Qxf1+ Kg8 $11 26. Qf2 Qc1+ 27. Kh2 g5 28. Kg3 Ne7 29.
Bd3 Bg6 30. Bxg6 Nxg6 31. Kg4 (31. Nb5 $5 Qf4+ $5 32. Qxf4 Nxf4 $13) 31... Nf4
32. Kg3 h5 33. h4 $4 $138 (33. Kh2 $11) (33. Kh2) 33... Nd3 $19 34. Qf6 Qe1+
35. Kh2 Qxh4+ 36. Kg1 Qxd4+ 37. Kf1 Qf4+ 38. Qxf4 gxf4 0-1

[Event "Dov Porath Memorial"]
[Site "Givataim"]
[Date "1998.05.18"]
[Round "3"]
[White "Golod, Vitali"]
[Black "Botvinnik, Ilia"]
[Result "1/2-1/2"]
[WhiteElo "2535"]
[BlackElo "2370"]
[Annotator "Golod,V"]
[PlyCount "43"]
[EventDate "1998.05.10"]
[EventType "swiss"]
[EventRounds "7"]
[EventCountry "ISR"]
[SourceTitle "CBM 065"]
[Source "ChessBase"]
[SourceDate "1998.08.06"]
[SourceVersion "1"]
[SourceVersionDate "1998.08.06"]
[SourceQuality "1"]

1. e4 c5 2. c3 e6 3. d4 d5 4. e5 Nc6 5. Nf3 Bd7 6. a3 c4 7. Be2 $6 (7. g3 $5
Na5 8. Nbd2 Bc6 (8... Ne7 $5 9. h4 h6 10. Bh3 Nf5 11. h5 Be7 12. Kf1 Bb5 13.
Kg2 Qd7 14. Qe2 O-O-O $13 {0-1 Varga,Z-Bunzmann,D/FSGM June, Budapest HUN 1998
(38)}) 9. Nh4 $6 (9. Bg2 $5) 9... Qd7 10. Ng2 Ba4 11. Qe2 Bc2 12. Nxc4 $2 Nb3
13. Qxc2 Nxa1 14. Qb1 Nb3 15. Nce3 Ne7 16. Nf4 h5 17. Be2 g6 18. O-O Bh6 $15 {
0-1 Kristensen,B-Djurhuus,R/75th Ann., Asker NOR 1997 (37)}) (7. Bf4 $5 Nge7 $5
(7... Qb6 $143 8. Qc2 Na5 9. Nbd2 Nb3 10. Nxb3 Ba4 11. Nfd2 Ne7 12. Rc1 Nc6 13.
Qb1 Bxb3 14. Nxb3 Qxb3 15. Be2 Be7 16. O-O O-O-O 17. Rfe1 Na5 18. Bh5 $14 {
Ekstroem,R-Pcola,P/XVII Mitropa Cup, Montecatini Terme ITA 1997/1-0 (47)}) 8.
Be2 Ng6 9. Be3 Be7 10. g3 f6 11. exf6 Bxf6 12. h4 $13 O-O 13. Ng5 h6 14. Qc2
Nce7 15. Bh5 Qe8 16. Nh3 e5 $1 $15 {1-0 Ofek,R-Alienkin,A/18-th Festival 1998 
(36)}) 7... Na5 {[%csl Rb3][%cal Ga5b3]} 8. Nbd2 Ne7 {[%cal Ge7f5,Ge7g6]} (8...
Bc6 $5 9. O-O Qd7 10. g3 Ba4 11. Qe1 Be7 12. h4 O-O-O 13. Kg2 f5 14. Ng5 Bxg5
15. hxg5 Ne7 16. Rh1 f4 $1 $17 {0-1 Nunn,J-King,D/Iona Tech Masters, Kilkenny
IRL 1997 (29)}) (8... Qc7 9. O-O O-O-O 10. b3 cxb3 11. c4 dxc4 12. Bb2 Kb8 13.
Qb1 Ba4 14. Rc1 b5 15. Ne4 $44 {0-1 Genocchio,D-Iotti,P/It, Montecatini ITA
1998 (37)}) 9. Ng5 $5 $146 {/\Nh3,f4} (9. O-O $5 Qb6 10. Rb1 Nb3 $6 (10... Nf5
$5) 11. Bxc4 $1 Nxd2 12. Nxd2 Nf5 (12... dxc4 13. Nxc4 $18 {[%csl Re8,Rf7,Rh8]
[%cal Gc4d6]}) 13. Bd3 $16 {Babula,P-Jarabek,V/CZE-chJM U16 1995/1-0 (56)})
9... Nf5 $1 $11 (9... Ng6 $6 10. Nh3 Be7 11. O-O O-O 12. f4 $14) 10. Nh3 Be7
11. O-O O-O 12. Rb1 $6 {/\Nf3,g4} (12. Kh1 $142 $11) 12... Qe8 $1 {[%csl Ra4]
[%cal Ge8a4]} 13. Qe1 (13. Nf3 $2 Ba4 14. Qd2 (14. Qe1 $4 Bc2 $19 {[%csl Rb1]
[%cal Ga5b3]}) 14... Nb3 (14... Qb5 $15 {[%csl Rb1][%cal Ge7a3]}) 15. Qf4 {
=/+/=}) 13... Ba4 14. Bd1 $5 (14. g4 $6 Nh4 15. f4 Bc2 16. Ra1 Ng6 $15 {
[%cal Ge7h4]}) 14... Bxd1 15. Qxd1 Nc6 $5 {/\b5,a5,b4;><e5,/\f6} 16. g4 Nh4 17.
f4 f6 $1 $15 {[%csl Re5] /\fe;f5} 18. exf6 Bxf6 19. Qe1 $5 {[%csl Re6,Yf6,Yh4]
[%cal Ge1e6,Ge1h4,Gg4g5]} Bd8 $1 20. Kh1 $5 (20. b3 $143 cxb3 21. Rxb3 Na5 $15)
20... Rc8 $5 {[%csl Yc8,Rf4][%cal Gc7f7,Gc8c7,Gf7f4]} 21. Ra1 Rc7 $6 (21... Na5
$1 22. Qe2 $15 (22. Nf3 $2 Nb3 23. Rb1 Nxf3 24. Rxf3 Qg6 $17)) 22. Qg3 $5 {
/\Nf3;(22...h5 23.gh!?~~;22...Rcf7!? 23.Nf3 Nf3 24.Qf3~~=/+/=)} 1/2-1/2

[Event "Athens Acropolis op-A 24th"]
[Site "Chalkida"]
[Date "2009.08.12"]
[Round "2"]
[White "Predojevic, Borki"]
[Black "Nikolaidis, Ioannis"]
[Result "1-0"]
[WhiteElo "2644"]
[BlackElo "2529"]
[Annotator "Grivas,E"]
[PlyCount "63"]
[EventDate "2009.08.10"]
[EventType "swiss"]
[EventRounds "9"]
[EventCountry "GRE"]
[SourceTitle "CBM 131 Extra"]
[Source "ChessBase"]
[SourceDate "2009.09.03"]
[SourceVersion "2"]
[SourceVersionDate "2009.09.16"]
[SourceQuality "1"]

1. e4 e6 2. d4 d5 3. e5 c5 4. c3 Nc6 5. Nf3 Bd7 ({A sub-line of the Advance
French. Usual is} 5... Qb6 {.}) 6. Be2 ({White's most frequently selected
choice but} 6. a3 {or}) (6. Bd3 {are also quite playable.}) 6... f6 (6... Nge7
{is Black's most frequent choice.}) 7. O-O cxd4 ({In my database there are 350
games with} 7... fxe5 {and only 102 with the text move. So, I presume that
this is not the 'most accurate' choice.}) 8. cxd4 fxe5 9. Nxe5 (9. dxe5 {
looks also good:} Bc5 10. Nc3 a6 11. Bd3 Nge7 12. Ne2 Rc8 13. Nf4 Qb6 14. a3 a5
15. Rb1 g6 16. b4 axb4 17. axb4 Nxb4 18. Bd2 O-O 19. Ng5 Qc6 20. Rxb4 Bxb4 21.
Bxb4 Rxf4 22. Bxe7 Qc3 23. g3 Ba4 24. Qe2 Bc2 25. Bxc2 Rd4 {1-0 Timman,J-Berg,
E Malmo 2001.}) 9... Bd6 (9... Nxe5 10. dxe5 Bc5 {as in Cubas,J-Mekhitarian,K
Sao Paulo 2007, is the alternative line.}) 10. Nxd7 $1 ({A good and not so
obvious novelty, as White exchanges his strong knight for the weak black
bishop.} 10. f4 Nge7 11. Nc3 {as in Oges,H-Fontaine,C France 2005, did not
offer any advantage.}) 10... Qxd7 11. Bh5+ g6 12. Bg4 {White straight away
goes for Black's weak spot on e6 - the one that was weakened by the exchange
of the white e5-knight for the bad black d7-bishop.} Nge7 13. Re1 Nf5 ({Or} 
13... Nd8 $6 14. Bh6 Nf5 15. Bxf5 gxf5 16. Nc3 $16 {.}) 14. Bxf5 gxf5 15. Qh5+
Qf7 $2 ({I think that Black should have opted for} 15... Kd8 $1 {here White
keeps the slightly better chances with} 16. Nc3 {but nothing is clear-cut yet.}
) 16. Rxe6+ Be7 17. Rh6 $1 {This is probably what Black missed.} Qxh5 18. Rxh5
Nxd4 19. Nc3 Rd8 (19... Nc2 20. Rb1 d4 21. Nd5 Bd6 22. Rxf5 $16 {.}) 20. Bf4
Ne6 ({Maybe Black should seek salvation in} 20... O-O 21. Rd1 Ne6 22. Bh6 d4
23. Bxf8 dxc3 24. Rxd8 Bxd8 25. bxc3 Nxf8 26. Rxf5 $16 {.}) 21. Rxf5 ({Also
good was} 21. Be5 O-O 22. Rh6 Ng5 23. Rd1 Nf7 24. Re6 $16 {.}) 21... Rf8 22.
Rxf8+ Kxf8 23. Bd2 {White has won precious material and now the rest is a
matter of technique.} Kf7 24. Rd1 a6 (24... d4 25. Ne4 Rc8 26. Rc1 Rxc1+ 27.
Bxc1 $16 {.}) 25. Kf1 b5 26. Bc1 Nc7 (26... d4 27. Ne4 Rc8 28. Ke2 $16 {.}) 27.
Bf4 Ne6 28. Bc1 Nc7 29. Be3 b4 30. Ne2 Nb5 31. Nd4 Bf6 $6 ({A blunder in a
difficult position.} 31... Nxd4 32. Bxd4 {was the only way to continue the
game.}) 32. Nc6 (32. Nc6 {Black resigned due to} Rd7 33. Nxb4 Bxb2 34. Rxd5 {.}
) 1-0

[Event "Montecatini Terme op"]
[Site "Montecatini Terme"]
[Date "1994.??.??"]
[Round "?"]
[White "Guido, Flavio"]
[Black "Foisor, Ovidiu Doru"]
[Result "1-0"]
[WhiteElo "2320"]
[BlackElo "2440"]
[Annotator "Guido,F"]
[PlyCount "51"]
[EventDate "1994.??.??"]
[EventType "swiss"]
[EventRounds "9"]
[EventCountry "ITA"]
[SourceTitle "EXT 1999"]
[Source "ChessBase"]
[SourceDate "1998.11.16"]
[SourceVersion "1"]
[SourceVersionDate "1998.11.16"]
[SourceQuality "1"]

1. e4 e6 2. d4 d5 3. e5 c5 4. c3 Nc6 5. Nf3 Bd7 6. Be2 Nge7 7. Na3 cxd4 8. cxd4
Nf5 9. Nc2 Qb6 10. O-O Rc8 (10... Be7) 11. Bd3 $1 (11. g4) 11... a5 {/\ Nfd4} (
11... Nfxd4 $2 12. Nfxd4 Nxd4 13. Be3 Bc5 14. b4 $18) (11... Nb4 12. Nxb4 $14)
(11... Be7 12. g4 $14) 12. a3 a4 13. Bxf5 exf5 14. Ne3 Qb5 15. b3 $1 axb3 (
15... Qxb3 16. Qxb3 axb3 17. Nxd5 $1 (17. Rb1 Be6 18. Rxb3 Rc7 19. Rb5 Rd7)
17... Be6 18. Nb6 Rd8 19. Bb2 (19. Rd1 $2 Bc5) 19... Ne7 20. Rfd1 Nd5 21. Nxd5
Bxd5 22. Rd3 {/\ Nd2+/-}) 16. Rb1 (16. a4 $2 b2 $1 $19) 16... Be6 17. Rxb3 (17.
Qxb3 Qxb3 18. Rxb3 Rc7) 17... Qa6 18. Bd2 $1 g5 $2 (18... Bxa3 $2 19. Qb1 g6
20. Nc2 $1 Be7 21. Qb2 $1 {/\ Ra1, ףa6, b7} O-O 22. Ra1 Qe2 23. Re3 Qc4 24.
Rc3 Qe2 25. Qxb7 $18) (18... Be7 19. Qb1 $16) (18... g6 19. Qb1 Rc7 20. Rb5 Rd7
21. Nc2 {/\ Qb3, Rfb1+/-}) 19. Nxg5 $1 Nxd4 20. Nxe6 $1 fxe6 (20... Nxb3 21.
Nxd5 $1 Qxe6 22. Bg5 $1 $18 {/\ Nc7}) 21. Qh5+ Kd7 (21... Kd8 22. Qh4+ $18) 22.
Qf7+ Be7 23. Nxd5 $3 Ne2+ (23... Nxb3 24. Qxe7+ Kc6 25. Nb4+) 24. Kh1 exd5 (
24... Ng3+ 25. hxg3 Qxf1+ 26. Kh2 exd5 27. Rxb7+ Rc7 28. e6+ $1 Kc8 29. Rxc7+
Kxc7 30. Qxe7+ Kb8 31. Qd6+ $18) 25. Bg5 $1 Rce8 (25... Rhe8 26. Qxd5+ Kc7 27.
Bxe7 Rxe7 28. Rxb7+ $1 Qxb7 29. Qd6#) (25... Ng3+ 26. hxg3 Qxf1+ 27. Kh2 Rce8
28. Qxd5+ Kc8 29. Rxb7 $18) 26. Rfb1 1-0

[Event "Hoogeveen Essent op"]
[Site "Hoogeveen"]
[Date "2006.10.27"]
[Round "8"]
[White "Khairullin, Ildar"]
[Black "Gurevich, Mikhail"]
[Result "1/2-1/2"]
[WhiteElo "2543"]
[BlackElo "2648"]
[Annotator "Gurevich,M"]
[PlyCount "75"]
[EventDate "2006.10.21"]
[EventType "swiss"]
[EventRounds "9"]
[EventCountry "NED"]
[SourceTitle "CBM 116"]
[Source "ChessBase"]
[SourceDate "2007.02.01"]
[SourceVersion "1"]
[SourceVersionDate "2007.02.01"]
[SourceQuality "1"]

1. e4 e6 2. d4 d5 3. e5 c5 4. c3 Nc6 5. Nf3 Bd7 6. Be2 Nge7 7. Na3 cxd4 8. cxd4
Nf5 9. Nc2 Qb6 (9... Nb4 10. O-O Nxc2 11. Qxc2 Qb6 12. Qd3 h5 13. Bg5 Be7 14.
Bxe7 Nxe7 15. Rfc1 Rc8 16. Rxc8+ Bxc8 17. Qd2 Bd7 18. Rc1 Nf5 19. Bd3 O-O 20.
h3 $14 {1/2-1/2 Fressinet,L-Nikolic,P/Kusadasi TUR 2006 (40)}) 10. h4 Na5 $5 {
TN} (10... Nb4 11. Nxb4 Qxb4+ 12. Kf1 Bb5 13. g4 Ne7 14. h5 Rc8 15. Kg2 Nc6 16.
Bxb5 Qxb5 17. h6 gxh6 18. Bxh6 Qxb2 19. Rb1 Qxa2 20. Bxf8 Rxf8 21. Ng5 $36 {
1-0 Movsesian,S-Oms Pallise,J/Olite ESP 2006/The Week in Chess 618 (30)}) 11.
h5 h6 (11... Bb5 12. g4 Ne7 13. h6 $36) 12. O-O Bb5 13. Ne3 Nxe3 14. Bxe3 Be7
15. b3 (15. Ne1 $5 {[/\f2-f4-f5|^>>]}) 15... Nc6 16. Ne1 O-O 17. Bd3 (17. f4
Bxe2 18. Qxe2 Rac8 $132) 17... Rac8 18. Qe2 Bxd3 19. Nxd3 Qb5 $5 {[/\Nb4]} 20.
Rfe1 (20. a4 $6 Qxb3 21. Rab1 Qxa4 22. Rxb7 Qa6 $15) 20... Rc7 $5 (20... Nb4
21. Nxb4 Qxe2 22. Rxe2 Bxb4 $15) 21. Rad1 Bb4 22. Nxb4 Qxe2 23. Rxe2 Nxb4 24.
Rc1 $5 Rfc8 (24... Rxc1+ 25. Bxc1 Rc8 26. Ba3 $5 $13) 25. Rxc7 Rxc7 26. Kf1 Kh7
{[/\29...g6]} (26... Nc2 $5 $15) 27. g4 Rc6 28. Ke1 g6 29. Kd1 $5 {[/\30.a3]}
Rc8 (29... Ra6 30. a4 Rc6 31. Bd2 Nc2 32. Be3 Nxe3+ 33. Rxe3 $11) 30. a3 Nc6
31. f3 gxh5 32. Rh2 $5 (32. gxh5 Rg8 33. Rh2 Rg3 34. Ke2 Na5 35. Kf2 Rg8 36. b4
Nc4 $15) 32... hxg4 33. fxg4 Na5 $5 34. Rxh6+ Kg7 35. Bg5 $1 $11 {[/\36.Rh5,37.
Bf6]} (35. Rh3 Nxb3 36. Bh6+ Kg6 37. Rxb3 Kxh6 38. Rxb7 Kg6 $15) 35... Nxb3 (
35... Rg8 36. Kc2 Kf8 37. Rh5 $11) 36. Rh5 Rg8 37. Be7 $1 Nxd4 (37... f6 38.
Bxf6+ (38. exf6+) 38... Kg6 39. Rg5+ Kf7 40. Rh5 $132) 38. Rg5+ 1/2-1/2

[Event "FRA-chT poule haute"]
[Site "Belfort"]
[Date "2004.05.08"]
[Round "8"]
[White "Shirov, Alexei"]
[Black "Gurevich, Mikhail"]
[Result "1/2-1/2"]
[WhiteElo "2736"]
[BlackElo "2656"]
[Annotator "Gurevich,M"]
[PlyCount "123"]
[EventDate "2004.05.08"]
[EventType "team"]
[EventRounds "4"]
[EventCountry "FRA"]
[SourceTitle "CBM 100"]
[Source "ChessBase"]
[SourceDate "2004.06.01"]
[SourceVersion "1"]
[SourceVersionDate "2004.06.01"]
[SourceQuality "1"]
[WhiteTeam "Cannes"]
[BlackTeam "Gonfreville"]
[WhiteTeamCountry "FRA"]
[BlackTeamCountry "FRA"]

1. e4 e6 2. d4 d5 3. e5 c5 4. c3 Nc6 5. Nf3 Bd7 6. Be2 Nge7 7. Na3 Ng6 8. h4
cxd4 9. cxd4 Bb4+ (9... Bxa3 10. bxa3 h6 11. h5 Nge7 12. O-O Na5 13. Rb1 Bc6
14. Bd3 Nc4 15. Nh4 Qa5 16. Qg4 Kd7 17. Rb4 Rag8 18. f4 f5 19. exf6 gxf6 20.
Qe2 $36 {1-0 Grischuk,A-Graf,A/Bled 2002/EXT 2003 (34)}) 10. Kf1 h6 11. Nc2 (
11. h5 Nf8 12. Rh3 f5 13. Rg3 Kf7 14. Nb5 Be8 15. Bf4 Kg8 16. a3 a6 17. axb4
axb5 18. Rxa8 Qxa8 19. Ne1 $16 {1-0 Schneider,D-Watson,J/Connecticut USA 2004/
The Week in Chess 493 (33)}) 11... Be7 12. Bd3 $5 (12. h5 Nf8 13. Rh3 Nh7 14.
Bd3 O-O 15. Rg3 Kh8 16. Bf4 f5 17. exf6 Nxf6 $132 {Movsesian,S-Nikolic,Pr
Istanbul ol 2002 0-1(39)}) 12... O-O $5 {TN} (12... Nf8 13. Rh3 Qb6 14. Rg3 g6
15. Kg1 Rc8 16. b3 Nb4 17. Nxb4 Bxb4 18. Be3 Bb5 19. Bxb5+ Qxb5 {1/2-1/2
Ehlvest,J-Minasian,A/Ohrid 2001/CBM 84 (57)} 20. a3 $5 $16) (12... Nxh4 13.
Nxh4 Bxh4 14. Qg4 $18) 13. Rh3 $5 (13. h5 Nh4 $5 14. Nxh4 Bxh4 15. Qg4 Bg5 16.
f4 (16. Bxg5 Qxg5 17. Qxg5 hxg5 18. h6 f5 $132) 16... f5 $1 $132) 13... f5 14.
Rg3 (14. exf6 Rxf6 {(н/\15...Nf4<=>)} 15. Bxh6 $6 gxh6 (15... e5 $5) 16. Rg3
Kf7 17. Ne5+ Ncxe5 18. dxe5 Nxe5 19. Qh5+ Kf8 20. Qxe5 Qb8 21. Qe3 Qf4 $15)
14... Kh7 $5 (14... Kf7 15. h5 Nh4 16. Ng1 $36) 15. h5 (15. Ng5+ hxg5 16. Qh5+
Kg8 17. Qxg6 {[#]} Qc8 $3 {(н/\18...Be8)} 18. Rxg5 (18. Qh5 Be8 19. Qe2 gxh4
$17) 18... Bxg5 19. Qxg5 Qd8 $1 20. Qg3 Qb6 21. h5 Rf7 $132) 15... Nh8 {
[텤h8-f7g5<=>;} (15... Nh4 16. Ng1 {(xNh4)}) 16. Ng1 Nf7 17. Nh3 (17. Qg4 Ng5
18. f4 Kh8 19. Qe2 Ne4 $17) 17... Bh4 $5 (17... Ng5 18. Nf4 Ne4 19. Rg6 $36)
18. Re3 (18. Rg6 Nh8 19. Rg4 Kg8 20. Rf4 Nf7 $132) 18... Ng5 19. Kg1 (19. Nf4
Ne4 20. Bxe4 (20. g3 Bg5 21. Ng6 Bxe3 22. Nxf8+ Qxf8 23. Bxe3 Rc8 $132) 20...
fxe4 $132) 19... Rc8 $5 20. Nf4 Ne4 $36 21. Re2 {[н/\22.Ng6]} Ne7 $5 (21... Rf7
22. Ng6 Bg5 23. Bxg5 $5 (23. f4 Be7 $13) 23... Qxg5 24. Re3 {(н/\25.f4)|^}) 22.
Qe1 $1 {[н/\23.g3,24.f3;xg3]} Bg5 23. f3 Bxf4 (23... Qb6 24. a4 $5 (24. fxe4
fxe4 $36) 24... a6 25. g3 $36) 24. Bxf4 Ng5 {[н/\25...Nc6,26...Be8<=>]} 25.
Bxg5 $6 (25. Qd2 Nc6 26. b4 $5 {н/\} Be8 27. b5 Na5 28. Bxg5 hxg5 29. g4 $13)
25... hxg5 26. f4 $1 gxf4 $6 (26... Be8 27. fxg5 Bxh5 28. Qh4 Kg6 29. g4 $1 $16
) (26... g4 $5 $15) 27. Qh4 Rh8 {(н/\28...Kh8)} (27... Be8 $5 {(Shirov,A)} 28.
Rf1 $5 (28. Rf2 $5 Nc6 29. Qxf4) 28... Nc6 29. Qxf4 Bxh5 $6 30. g4 $40) 28.
Qxf4 Kg8 29. g4 $1 $36 Qe8 30. Rg2 Bb5 31. Bxb5 Qxb5 32. Ne3 $138 (32. Qg5 $5
Qe8 33. Ne3 $40) 32... Qd3 $1 $132 33. Rf1 (33. h6 $2 Ng6 34. Qg5 f4 35. Nf5
exf5 36. Qxg6 Rxh6 $17) (33. gxf5 $5 Nxf5 34. Nxf5 Qxf5 35. Qxf5 exf5 36. Rg5
Rc2 (36... Rh6 37. Rxf5 Rc2 38. Re1 Re6 39. Rf2 $16) 37. e6 $1 Re2 (37... Rh6
38. Re1) 38. Rc1 $1 Rxe6 39. Rxf5 $14) 33... Rf8 34. gxf5 $5 (34. Qg5 $5 f4 (
34... Rh7 35. gxf5 Nxf5 36. Nxf5 exf5 37. e6) 35. Nc2 $14) 34... Nxf5 {[#]
Diagram} 35. Rxg7+ $5 Kxg7 $138 (35... Nxg7 36. Qxf8+ Kh7 37. Qf4 Rg8 38. Kf2
Nf5 39. Nxf5 exf5 $132) 36. Qg5+ Kf7 37. Nxf5 exf5 38. Rxf5+ Ke8 (38... Qxf5
39. Qxf5+ Ke7 40. Qg5+ $16) 39. Qg6+ Ke7 40. Qd6+ Ke8 41. Qe6+ (41. Qb8+ $142
$5 {(Shirov,A)} Ke7 42. Qxb7+ Ke6 43. Qc6+ Ke7 (43... Kxf5 44. Qg6+ $16) 44.
Qd6+ Ke8 45. Qb8+ Ke7 46. Qxa7+ Ke6 47. Qb6+ Ke7 48. Qd6+ Ke8 49. Qe6+ Kd8 50.
Qxd5+ Ke7 51. Qd6+ Ke8 52. Qg6+ Ke7 53. Rf7+ Rxf7 54. Qxd3 Rxh5 55. Qa3+ Ke8
56. Qa8+ Ke7 57. Qb7+ Kf8 $11 {(н/\58...Rff5,59...Rhg5...)}) 41... Kd8 42.
Qxd5+ $6 Ke8 43. Qe6+ Kd8 44. Qd6+ Ke8 45. Qb8+ Ke7 46. Qxb7+ Ke8 47. Qc6+ (47.
Qb8+ Ke7 48. Qxa7+ Ke6 $1 49. Qb6+ Kd5 $1 50. Qc5+ Ke4 51. Rxf8 Qd1+ 52. Kg2
Qd2+ 53. Kg3 (53. Rf2 Rg8+ $19) 53... Qg5+ $11) 47... Ke7 48. Qd6+ Ke8 49. Qg6+
Ke7 50. Rf7+ Rxf7 51. Qxd3 Rxh5 $1 $11 {[н/\52...Rff5]} 52. Qa3+ Ke8 53. Qa4+
Kf8 54. Qb4+ Kg8 $132 55. Qb8+ Kh7 56. Qb3 Rg5+ (56... Rg7+ 57. Kf2 Rh2+ 58.
Kf1 Rh1+ $11) 57. Kh2 Kg6 58. Qe6+ Kg7 59. d5 Rg6 60. Qe8 Rh6+ 61. Kg3 Rg6+ $11
62. Kh2 1/2-1/2